|
|
|
|
| LEADER |
00568nam a22001577a 4500 |
| 020 |
|
|
|a 8185122288
|
| 082 |
|
|
|a S 491.25
|b KIS/P
|
| 245 |
|
|
|a Panineeyavyakarane yogavibhagavimarsha/
|c by Kishore Chandra Padhy.
|
| 260 |
|
|
|a Varanasi:
|b Bharateey Book Corporation,
|c 2001.
|
| 300 |
|
|
|a 186p.
|
| 650 |
|
|
|a Grammar Sanskrit
|9 32892
|
| 650 |
|
|
|a Language Sanskrit
|9 32893
|
| 650 |
|
|
|a Language
|9 32894
|
| 942 |
|
|
|c BK
|
| 999 |
|
|
|c 70021
|d 70021
|
| 952 |
|
|
|0 0
|1 0
|4 0
|6 S_491_250000000000000_KIS_P
|7 0
|9 90511
|a SSUS
|b SSUS
|c STACKS
|d 2018-02-03
|g 250.00
|o S 491.25 KIS/P
|p 087278
|r 2018-02-03
|w 2018-02-03
|y BK
|